Normal view
MARC view
- Farah-ul-Ain (00000277453)
Entry Personal Name
001 - CONTROL NUMBER
- control field: 116677
003 - CONTROL NUMBER IDENTIFIER
- control field: NUST
005 - DATE AND TIME OF LATEST TRANSACTION
- control field: 20230912170022.0
008 - FIXED-LENGTH DATA ELEMENTS
- fixed length control field: 230912|| aca||aabn | a|a d
040 ## - CATALOGING SOURCE
- Original cataloging agency: NUST
- Transcribing agency: NUST
100 ## - HEADING--PERSONAL NAME
- Personal name: Farah-ul-Ain (00000277453)
670 ## - SOURCE DATA FOUND
- Source citation: Work cat.: (NUST): Farah-ul-Ain (00000277453), Probabilistic Placement of Electric Vehicle Chargers in 11kV Real Residential Feeder /, 2022
